000 00656nam a2200241 a 4500
999 _c10506
_d10506
001 10506
003 BD-JhCC
005 20180430181715.0
008 180430s1967 nbu |||| b||| 000 0 eng d
035 _a(BD-JhCC)10506
040 _aBD-JhCC
_dBD-JhCC
041 _aeng
082 _a823.2
_bGAR 1967
100 _aGardner, John,
_c1933-1982
245 _aLe morte Darthur :
_bnotes /
_cJohn Gardner,
260 _aLincoln :
_bCliff's Notes,
_c1967.
300 _a80 P. :
_c21 cm.
504 _aIncludes Bibliographical Reference.
650 _aArthurian romances
650 _aKings and rulers in literature
942 _2ddc
_cBK